000 00585nam a2200229Ia 4500
003 OSt
005 20220928120750.0
006 a|||||r|||| 00| 0
007 ta
008 220927b |||||||| |||| 00| 0 eng d
024 _a60957
037 _cTextual
040 _aSDCL
_cSDCL
_beng
041 _2eng
_aeng
082 _aX65, L4
100 _aWilliams Edward E
_9451013
245 0 _aInvestment analysis
260 _aEnglewood
_bPrentice Hall
_c1974
300 _axii,476p
_ccm.
942 _hX65, L4
_cTEXL
_2CC
999 _c765137
_d765137